000 00257nam a22001217a 4500
008 170527b xxu||||| |||| 00| 0 eng d
041 _aGER
080 _a621.3
100 _a27
101 _aIM
245 _aKIBERNETIK-FORSCHUNG
_cROSLER
942 _2udc
_cBK
999 _c14671
_d14671